| 000 | 00767nam a2200241Ia 4500 | ||
|---|---|---|---|
| 003 | GCL | ||
| 008 | 140319s9999 xx 000 0 ara d | ||
| 040 |
_aGCL / _cGCL |
||
| 082 | 0 | 4 |
_aق _b932.03 _bم أ |
| 100 | 1 | _aمنير بسطا | |
| 245 | 1 | 0 |
_aاهم المعالم الاثرية بمنطقة الاهرام بالجيزة / _cمنير بسطا |
| 260 |
_aالقاهرة : _bهيئة الاثار المصرية ، _c1973 |
||
| 300 |
_a52 ص: _bايض ؛ _c24 سم |
||
| 650 | 0 | 4 | _aتاريخ |
| 650 | 0 | 4 | _aالمقابر |
| 650 | 0 | 4 | _aمصر القديمة |
| 650 | 0 | 4 | _aالاثار الفرعونية |
| 650 | 0 | 4 | _aعلم المصريات |
| 650 | 0 | 4 | _aالمعابد |
| 650 | 0 | 4 | _aابوالهول |
| 650 | 0 | 4 | _aالاهرام |
| 942 |
_2ddc _cBK |
||
| 999 |
_c52452 _d52452 |
||